00194nam a2200073Ia 4500008004100000100002300041245003800064260001800102120527s9999 xx 000 0 und d aGURAM and RENZETTI aSocial Problems Society in crisis bAly and Bacon